| 000 | 00313 a2200133 4500 | ||
|---|---|---|---|
| 001 | 63765 | ||
| 082 | _a512.7 NIV | ||
| 090 |
_c37742 _d37742 |
||
| 100 | _aNiven,I | ||
| 245 | _aIntroduction to the theory of numbers, 5/e | ||
| 250 | _a5 | ||
| 260 |
_bJohn Wiley & Sons, Inc _aNY _c2004 |
||
| 300 | _axiii, 519 p | ||
| 942 |
_aNUST-CAE _k512.7 NIV |
||
| 999 |
_c298838 _d298838 |
||